Análisis de la Implementación de Herramientas de Inteligencia Artificial para el Monitoreo y la Toma de Decisiones en el Cultivo de Arroz, Provincia Sánchez Ramírez / (Registro nro. 24194)
[ vista simple ]
| 000 -LEADER | |
|---|---|
| fixed length control field | 02958nam a22002777a 4500 |
| 003 - CONTROL NUMBER IDENTIFIER | |
| control field | DO-CoUTE |
| 005 - DATE AND TIME OF LATEST TRANSACTION | |
| control field | 20260520124513.0 |
| 008 - FIXED-LENGTH DATA ELEMENTS--GENERAL INFORMATION | |
| fixed length control field | 260516b dr ||||| |||| 00| 0 spa d |
| 040 ## - CATALOGING SOURCE | |
| Original cataloging agency | DO-CoUTE |
| Language of cataloging | spa |
| Transcribing agency | DO-CoUTE |
| 041 ## - LANGUAGE CODE | |
| Language code of text/sound track or separate title | spa |
| 092 ## - LOCALLY ASSIGNED DEWEY CALL NUMBER (OCLC) | |
| Classification number | AGR 2025 S156 |
| 100 1# - MAIN ENTRY--PERSONAL NAME | |
| Personal name | Sandoval Rosa, Carina |
| Relator term | Sustentante |
| 245 10 - TITLE STATEMENT | |
| Title | Análisis de la Implementación de Herramientas de Inteligencia Artificial para el Monitoreo y la Toma de Decisiones en el Cultivo de Arroz, Provincia Sánchez Ramírez / |
| Statement of responsibility, etc. | Carina Sandoval Rosa, Leoanna Edili Pichardo Peña, María Celeste Paula Peralta ; Asesor, Glenny López Rodríguez |
| 260 ## - PUBLICATION, DISTRIBUTION, ETC. | |
| Place of publication, distribution, etc. | Cotuí, República Dominicana ; |
| Name of publisher, distributor, etc. | UTECO, |
| Date of publication, distribution, etc. | 2025 |
| 300 ## - PHYSICAL DESCRIPTION | |
| Extent | 89 Hojas : |
| Other physical details | Imagenes ; |
| Dimensions | 23cm, |
| Accompanying material | + 1 CD-ROM |
| 502 ## - DISSERTATION NOTE | |
| Dissertation note | Trabajo de Grado (Ingeniero Agrónomo ) Universidad Tecnológica del Cibao Oriental, 2025.<br/> |
| 504 ## - BIBLIOGRAPHY, ETC. NOTE | |
| Bibliography, etc. note | Incluye referencia bibliográfica e índice.<br/> |
| 520 ## - SUMMARY, ETC. | |
| Summary, etc. | La presente investigación tuvo como título: Análisis de la implementación de<br/>herramientas de inteligencia artificial (IA) para el monitoreo la toma de decisiones en el<br/>cultivo de arroz (Oryza sativa L.) en la provincia Sánchez Ramírez, cuyo objetivo es<br/>analizar la implementación de herramientas de inteligencia artificial para el monitoreo y la<br/>toma de decisiones en el cultivo de arroz. El estudio se desarrolló bajo un enfoque<br/>cuantitativo, con diseño no experimental y alcance descriptivo, aplicando dos instrumentos<br/>a productores y técnicos vinculados al sistema arrocero local, seleccionados mediante<br/>muestreo intencional. Los resultados evidenciaron que el 100 % de los productores y<br/>técnicos encuestados utiliza al menos una herramienta asociada a la IA, destacándose el<br/>uso de drones con cámaras multiespectrales, sensores IoT y plataformas de análisis de<br/>datos, aunque con diferencias en la frecuencia de uso y niveles de capacitación entre ambos<br/>grupos. Asimismo, se identificaron como principales factores que favorecen la adopción la<br/>capacitación, el apoyo institucional y los resultados demostrables en el rendimiento del<br/>cultivo, mientras que los costos elevados, la falta de conocimiento y la resistencia al cambio<br/>constituyen las principales limitaciones. Se concluye que la integración de herramientas de<br/>inteligencia artificial contribuye a mejorar el monitoreo del cultivo, optimizar el uso de<br/>insumos y fortalecer la toma de decisiones agronómicas, representando una alternativa<br/>viable para avanzar hacia sistemas arroceros más eficientes y sostenibles en la zona de<br/>estudio. |
| 650 #4 - SUBJECT ADDED ENTRY--TOPICAL TERM | |
| Topical term or geographic name entry element | Herramientas de inteligencia artificial |
| 700 1# - ADDED ENTRY--PERSONAL NAME | |
| Personal name | Carina Sandoval Rosa |
| Relator term | Sustentante |
| 700 1# - ADDED ENTRY--PERSONAL NAME | |
| Personal name | Leoanna Edili Pichardo Peña |
| Relator term | Sustentante |
| 700 1# - ADDED ENTRY--PERSONAL NAME | |
| Personal name | Glenny López Rodríguez |
| Relator term | Asesor |
| 830 ## - SERIES ADDED ENTRY--UNIFORM TITLE | |
| Uniform title | Tesis y disertaciones académicas (Universidad Tecnológica del Cibao Oriental) |
| 856 ## - ELECTRONIC LOCATION AND ACCESS | |
| Link text | Haga Click Aquí para Descargar en Texto Completo |
| 942 ## - ADDED ENTRY ELEMENTS (KOHA) | |
| Source of classification or shelving scheme | Dewey Decimal Classification |
| Koha item type | Tesis |
| Withdrawn status | Lost status | Source of classification or shelving scheme | Damaged status | Not for loan | Collection code | Home library | Current library | Shelving location | Date acquired | Inventory number | Total Checkouts | Full call number | Barcode | Date last seen | Copy number | Price effective from | Koha item type |
|---|---|---|---|---|---|---|---|---|---|---|---|---|---|---|---|---|---|
| Dewey Decimal Classification | e-Tesis (en CD) | Biblioteca UTECO | Biblioteca UTECO | En Estantería | 05/16/2026 | 24194 | AGR 2025 S156 | 24194 | 05/16/2026 | Ej.1 | 05/16/2026 | Tesis |
